000 00748nam a22002297a 4500
005 20100804121246.0
010 _aENG-98016
020 _a8190778242
_c125.00
020 _a9788190778244
_c125.00
035 _aEN-81549
037 _bDBAD/PUB
082 _a526
100 _aKavitha, R.
_95861
245 _aDigital cartography /
_cby R. Kavitha
260 _aChennai
_bSekar Pathippagam
_c2009
270 _aNo. 66, Periyar Street, M.G.R. Nagar
_bChennai
_e600078
300 _a108p.
_c20cm (pbk)
500 _aIncludes bibliographical references
650 _aDigital mapping
_95862
942 _2ddc
_cEN
_h526
_mKAV
999 _c39168
_d39168